Countries and capitals with similar names. - Statistics

General Stats
  • This quiz has been taken 30 times
  • The average score is 13 of 20
Answer Stats
Country % Correct
Algeria
84%
Brazil
80%
Guatemala
80%
Kuwait
80%
Luxembourg
80%
Mexico
76%
Panama
76%
San Marino
76%
Andorra
72%
Monaco
72%
Singapore
72%
Tunisia
72%
Vatican City
72%
El Salvador
52%
Djibouti
48%
Belize
40%
Guinea-Bissau
40%
São Tomé and Príncipe
36%
Taiwan
32%
Maldives
20%
No matching quizzes found
Score Distribution
Percent of People with Each Score
Percentile by Number Answered
Your Score History
You have not taken this quiz